<?xml version="1.0" encoding="UTF-8"?>
<record
    xmlns:xsi="http://www.w3.org/2001/XMLSchema-instance"
    xsi:schemaLocation="http://www.loc.gov/MARC21/slim http://www.loc.gov/standards/marcxml/schema/MARC21slim.xsd"
    xmlns="http://www.loc.gov/MARC21/slim">

  <leader>02239nam a22003737a 4500</leader>
  <controlfield tag="003">DO-SdBNP</controlfield>
  <controlfield tag="005">20240528102200.0</controlfield>
  <controlfield tag="007">ta</controlfield>
  <controlfield tag="008">220131b2019    dr ad||| |||| 00| 0 spa d</controlfield>
  <datafield tag="020" ind1=" " ind2=" ">
    <subfield code="a">9789945904116</subfield>
  </datafield>
  <datafield tag="040" ind1=" " ind2=" ">
    <subfield code="a">DO-SdBNP </subfield>
    <subfield code="b">spa</subfield>
    <subfield code="c">BNPHU </subfield>
  </datafield>
  <datafield tag="082" ind1=" " ind2="4">
    <subfield code="a">342.7293</subfield>
    <subfield code="b">F363e</subfield>
    <subfield code="2">22</subfield>
  </datafield>
  <datafield tag="100" ind1="1" ind2=" ">
    <subfield code="a">Fern&#xE1;ndez Vidal, Shyam David</subfield>
    <subfield code="9">81046</subfield>
  </datafield>
  <datafield tag="245" ind1="1" ind2="0">
    <subfield code="a">Estado y constituci&#xF3;n :</subfield>
    <subfield code="b">derechos sociales y la reelecci&#xF3;n presidencial /</subfield>
    <subfield code="c">Shyam David Fern&#xE1;ndez Vidal, Tiaggo Marrero Peralto, Amaury A. Reyes-Torres, Manuel Alejandro Rodriguez ; presentaci&#xF3;n y colecci&#xF3;n dirigida por Ramonina Brea ; edici&#xF3;n al cuidado de Brennedy Acevedo, Betzaida Calzado.</subfield>
  </datafield>
  <datafield tag="260" ind1=" " ind2=" ">
    <subfield code="a">Santo Domingo :</subfield>
    <subfield code="b">Pontificia Universidad Cat&#xF3;lica Madre y Maestra,</subfield>
    <subfield code="b">Centro Universitario de Estudios Pol&#xED;ticos y Sociales (CUEPS),</subfield>
    <subfield code="c">2019.</subfield>
  </datafield>
  <datafield tag="300" ind1=" " ind2=" ">
    <subfield code="a">226 p ; </subfield>
    <subfield code="b">il., gr&#xE1;f. ;</subfield>
    <subfield code="c">23 cm.</subfield>
  </datafield>
  <datafield tag="490" ind1=" " ind2=" ">
    <subfield code="a">Ciudadan&#xED;a y pol&#xED;ticas p&#xFA;blicas</subfield>
  </datafield>
  <datafield tag="500" ind1=" " ind2=" ">
    <subfield code="a">Incluye referencias bibliogr&#xE1;ficas y notas al pie de las p&#xE1;ginas.</subfield>
  </datafield>
  <datafield tag="500" ind1=" " ind2=" ">
    <subfield code="a">Incluye bibliograf&#xED;a al final de los cap&#xED;tulos.</subfield>
  </datafield>
  <datafield tag="500" ind1=" " ind2=" ">
    <subfield code="a">Incluye datos de los autores.</subfield>
  </datafield>
  <datafield tag="505" ind1=" " ind2=" ">
    <subfield code="a">Presentaci&#xF3;n --</subfield>
    <subfield code="t"> Garant&#xED;a de los derechos sociales fundamentales en la Constituci&#xF3;n dominicana /</subfield>
    <subfield code="r">Amaury A. Reyes-Torres --</subfield>
    <subfield code="t">El transporte p&#xFA;blico de pasajeros: &#xBF;Un derecho constitucionalmente protegido? / </subfield>
    <subfield code="r">Thiaggo Marrero Peralta --</subfield>
    <subfield code="t">El acceso al agua en la Rep&#xFA;blica Dominicana : servicio p&#xFA;blico y derecho fundamental / </subfield>
    <subfield code="r">Manuel Alejandro Rodr&#xED;guez --</subfield>
    <subfield code="t">Hoy por m&#xED;, ma&#xF1;ana por m&#xED;: reelecci&#xF3;n presidencial y cambios constitucionales en la Rep&#xFA;blica Dominicana desde la &#xF3;ptica del an&#xE1;lisis econ&#xF3;mico del derecho /</subfield>
    <subfield code="r">Shyam David Fern&#xE1;ndez Vidal --</subfield>
  </datafield>
  <datafield tag="590" ind1=" " ind2=" ">
    <subfield code="a">Inventariado, 2022 /LP

</subfield>
  </datafield>
  <datafield tag="650" ind1=" " ind2="0">
    <subfield code="a">Estado</subfield>
    <subfield code="9">726</subfield>
  </datafield>
  <datafield tag="651" ind1=" " ind2="4">
    <subfield code="a">Rep&#xFA;blica Dominicana</subfield>
    <subfield code="x">Derecho constitucional</subfield>
    <subfield code="9">9303</subfield>
  </datafield>
  <datafield tag="700" ind1="1" ind2=" ">
    <subfield code="a">Marrero Peralta, Thiaggo</subfield>
    <subfield code="9">81047</subfield>
  </datafield>
  <datafield tag="700" ind1="1" ind2=" ">
    <subfield code="a">Reyes-Torres, Amaury A. </subfield>
    <subfield code="9">81048</subfield>
  </datafield>
  <datafield tag="700" ind1="1" ind2=" ">
    <subfield code="a">Rodr&#xED;guez, Manuel Alejandro</subfield>
    <subfield code="9">81049</subfield>
  </datafield>
  <datafield tag="700" ind1="1" ind2=" ">
    <subfield code="a">Brea, Ramonina</subfield>
    <subfield code="9">8319</subfield>
  </datafield>
  <datafield tag="700" ind1="1" ind2=" ">
    <subfield code="a">Acevedo, Brennedy, </subfield>
    <subfield code="d">ed.</subfield>
    <subfield code="9">81050</subfield>
  </datafield>
  <datafield tag="700" ind1="1" ind2=" ">
    <subfield code="a">Calzado, Betzaida, </subfield>
    <subfield code="d">ed.</subfield>
    <subfield code="9">81051</subfield>
  </datafield>
  <datafield tag="830" ind1=" " ind2=" ">
    <subfield code="a">Ciudadan&#xED;a y pol&#xED;ticas p&#xFA;blicas</subfield>
    <subfield code="9">19938</subfield>
  </datafield>
  <datafield tag="910" ind1=" " ind2=" ">
    <subfield code="a"> Lop&#xE9;rez./Validado. Control de calidad MFF</subfield>
  </datafield>
  <datafield tag="942" ind1=" " ind2=" ">
    <subfield code="2">ddc</subfield>
    <subfield code="c">LBS1</subfield>
  </datafield>
  <datafield tag="952" ind1=" " ind2=" ">
    <subfield code="0">0</subfield>
    <subfield code="1">0</subfield>
    <subfield code="2">ddc</subfield>
    <subfield code="5">1</subfield>
    <subfield code="7">0</subfield>
    <subfield code="8">PD</subfield>
    <subfield code="a">BNPHU</subfield>
    <subfield code="b">BNPHU</subfield>
    <subfield code="c">HD</subfield>
    <subfield code="d">2022-01-31</subfield>
    <subfield code="e">Dep&#xF3;sito Legal </subfield>
    <subfield code="l">0</subfield>
    <subfield code="o">BNPHU PD 342.7293 F363e</subfield>
    <subfield code="p">2022-0354</subfield>
    <subfield code="r">2022-01-31</subfield>
    <subfield code="w">2022-01-31</subfield>
    <subfield code="y">LBS1</subfield>
  </datafield>
  <datafield tag="952" ind1=" " ind2=" ">
    <subfield code="0">0</subfield>
    <subfield code="1">0</subfield>
    <subfield code="2">ddc</subfield>
    <subfield code="5">1</subfield>
    <subfield code="7">0</subfield>
    <subfield code="8">PD</subfield>
    <subfield code="a">BNPHU</subfield>
    <subfield code="b">BNPHU</subfield>
    <subfield code="c">HD</subfield>
    <subfield code="d">2022-01-31</subfield>
    <subfield code="e">Dep&#xF3;sito Legal </subfield>
    <subfield code="l">0</subfield>
    <subfield code="o">BNPHU PD 342.7293 F363e</subfield>
    <subfield code="p">2022-0355</subfield>
    <subfield code="r">2022-01-31</subfield>
    <subfield code="t">e.2</subfield>
    <subfield code="w">2022-01-31</subfield>
    <subfield code="y">LBS1</subfield>
  </datafield>
  <datafield tag="952" ind1=" " ind2=" ">
    <subfield code="0">0</subfield>
    <subfield code="1">0</subfield>
    <subfield code="2">ddc</subfield>
    <subfield code="5">6</subfield>
    <subfield code="7">0</subfield>
    <subfield code="8">DS</subfield>
    <subfield code="a">BNPHU</subfield>
    <subfield code="b">BNPHU</subfield>
    <subfield code="c">HD</subfield>
    <subfield code="d">2022-01-31</subfield>
    <subfield code="e">Dep&#xF3;sito Legal </subfield>
    <subfield code="l">0</subfield>
    <subfield code="o">BNPHU PD 342.7293 F363e</subfield>
    <subfield code="p">2022-0356</subfield>
    <subfield code="r">2022-01-31</subfield>
    <subfield code="t">e.3</subfield>
    <subfield code="w">2022-01-31</subfield>
    <subfield code="y">LBS1</subfield>
  </datafield>
  <datafield tag="999" ind1=" " ind2=" ">
    <subfield code="c">51261</subfield>
    <subfield code="d">51261</subfield>
  </datafield>
</record>
